Population policies reconsidered : health, empowerment, and rights /

محفوظ في:

المؤلف الرئيسي: Sen, Gita (مؤلف)

مؤلفون آخرون: Chen, Lincoln C., Germain, Adrienne.

التنسيق: كتاب

اللغة: English

سلاسل: Harvard series on population and international health.

الموضوعات:

الوسوم: إضافة وسم

لا توجد وسوم, كن أول من يضع وسما على هذه التسجيلة!

رقم الطلب: HB883.5 .P65 1994

LEADER 01177namaa2200313 4500
001 14582
003 OSt
005 20210426095116.0
008 130303s1994 maua g b 001 0 eng d
952 |0 0  |1 0  |2 lcc  |4 0  |6 HB08835 P65 01994  |7 1  |9 11983  |a ARCE  |b ARCE  |d 2021-04-26  |l 0  |o HB883.5 .P65 1994  |p 1005040  |r 2021-04-26 00:00:00  |w 2021-04-26  |y BK 
999 |c 11129  |d 11129 
010 |a 94008443 
020 |a 0674690036 (pbk.) 
040 |c ARCE Library 
050 0 4 |a HB883.5 .P65 1994 
100 1 |a Sen, Gita,  |e author  |9 39673 
245 1 0 |a Population policies reconsidered :  |b health, empowerment, and rights /  |c Gita Sen, Adrienne Germain, Lincoln C. Chen, editors. 
264 1 |a Boston :  |b Harvard Center for Population and Development Studies,  |c c1994. 
300 |a xiv, 280 pages :  |b illustrations ;  |c 26 cm. 
336 |a text  |b txt  |2 rdacontent 
337 |a unmediated  |b n  |2 rdamedia 
338 |a volume  |b nc  |2 rdacarrier 
490 0 |a Harvard series on population and international health. 
504 |a Includes bibliographical references and index. 
650 0 |a Population policy. 
700 1 |a Chen, Lincoln C. 
700 1 |a Germain, Adrienne. 
901 |a reviewed 
942 |c BK  |2 lcc